000
00274nam a22001337a 4500
020
_a
81-204-0288-x
041
_a
ENG
100
_a
Chambers .R
245
_a
Managing Canal Irrigation
260
_a
Delhi
_b
Oxford
_c
1992
300
_a
279
650
_a
IDE
856
_u
IDE
999
_c
390
_d
390